Eclairs et tonnerre / (Record no. 54378)

MARC details
000 -LEADER
campo de control de longitud fija 00918nam a2200253 i 4500
001 - NÚMERO DE CONTROL
campo de control 54378
003 - IDENTIFICADOR DE NÚMERO DE CONTROL
campo de control ES-MaACL
005 - FECHA Y HORA DE LA ÚLTIMA TRANSACCIÓN
campo de control 20251012212255.0
007 - CAMPO FIJO DE DESCRIPCIÓN FÍSICA--INFORMACIÓN GENERAL
campo de control de longitud fija t|
008 - DATOS DE LONGITUD FIJA--INFORMACIÓN GENERAL
campo de control de longitud fija 960806s1869 fr a ||||1| fre d
040 ## - FUENTE DE CATALOGACIÓN
Centro catalogador/agencia de origen CLM
Lengua de catalogación spa
Centro/agencia transcriptor CCPB | SIC
100 1# - ENTRADA PRINCIPAL--NOMBRE DE PERSONA
Nombre de persona Fonvielle, Wilfrid de.
9 (RLIN) 51659
245 10 - MENCIÓN DEL TÍTULO
Título Eclairs et tonnerre /
Mención de responsabilidad, etc. par W. de Fonvielle ; ouvrage illustré de 39 vignettes sur bois par E. Bayard et H. Clergot.
250 ## - MENCION DE EDICION
Mención de edición 2e. éd. rev. et augm.
260 ## - PUBLICACIÓN, DISTRIBUCIÓN, ETC.
Lugar de publicación, distribución, etc. Paris :
Nombre del editor, distribuidor, etc. L. Hachette et Cie.,
Fecha de publicación, distribución, etc. 1869 (
Fabricante Imprimerie P. Bourdier, Capiomont fils et Ce.)
300 ## - DESCRIPCIÓN FÍSICA
Extensión 323 p. :
Otras características físicas il. ;
Dimensiones 18 cm.
490 1# - MENCIÓN DE SERIE
Mención de serie Bibliothèque des merveilles
650 #4 - PUNTO DE ACCESO ADICIONAL DE MATERIA--TÉRMINO DE MATERIA
Término de materia o nombre geográfico como elemento de entrada Electricidad atmosférica.
9 (RLIN) 159772
700 1# - ENTRADA AGREGADA--NOMBRE PERSONAL
Nombre de persona Bayard, Émile,
Fechas asociadas al nombre 1837-1891
9 (RLIN) 26648
700 1# - ENTRADA AGREGADA--NOMBRE PERSONAL
Nombre de persona Clerget, Hubert,
Fechas asociadas al nombre 1818-1899
9 (RLIN) 39223
830 0# - PUNTO DE ACCESO ADICIONAL DE SERIE-TÍTULO UNIFORME
Título uniforme Bibliothèque des merveilles
9 (RLIN) 182004
852 ## - LOCALIZACIÓN
Ubicación ES-MaACL
Número de control de estantería D-856
Holdings
Estatus retirado Estado de pérdida Estado de daño No para préstamo Colección Biblioteca de origen Biblioteca actual Ubicación en estantería Fecha de adquisición Fuente de adquisición Total de préstamos Signatura topográfica completa Código de barras Visto por última vez Precio de reemplazo Tipo de ítem Koha
        Libros del s. XIX Biblioteca del Ateneo de Madrid Biblioteca del Ateneo de Madrid Sala Valle Inclán 17/01/2008     D-856 901057141 23/02/2023 23/02/2023 Libro impreso antiguo